| 000 | 00355nam a2200133Ia 4500 | ||
|---|---|---|---|
| 008 | 150301s2014 xx 000 0 und d | ||
| 082 |
_a610.7367 _bC14P |
||
| 245 | _aPERRECONE, MARY R. CLINICAL HB. FOR BRUNNER & SUDDARTHS | ||
| 250 | _a13TH | ||
| 260 |
_bWOLTER KLUWER _c2014 |
||
| 300 | _a784 | ||
| 650 | _aMEDICAL SURGICAL NURSING | ||
| 942 |
_2ddc _cBK _010 |
||
| 999 |
_c6870 _d6870 |
||